REPORTS TECHANICAL WRITING AND SPECIFICATION (Record no. 585342)

000 -LEADER
fixed length control field 00267nam a22001097a 4500
082 ## - DEWEY DECIMAL CLASSIFICATION NUMBER
Classification number 808.066 GLI'R
100 ## - MAIN ENTRY--PERSONAL NAME
Personal name GLIDEN, H. K
9 (RLIN) 80399
245 ## - TITLE STATEMENT
Title REPORTS TECHANICAL WRITING AND SPECIFICATION
260 ## - PUBLICATION, DISTRIBUTION, ETC.
Place of publication, distribution, etc. NEWYORK
Name of publisher, distributor, etc. MCGRAW HILL
Date of publication, distribution, etc. 1964
300 ## - PHYSICAL DESCRIPTION
Extent 312P
942 ## - ADDED ENTRY ELEMENTS (KOHA)
Koha item type Book
Holdings
Withdrawn status Lost status Source of classification or shelving scheme Damaged status Not for loan Permanent Location Current Location Shelving location Date acquired Shelving control number Total Checkouts Full call number Barcode Date last seen Date last checked out Price effective from Koha item type Public note
          College of Electrical & Mechanical Engineering (CEME) College of Electrical & Mechanical Engineering (CEME) Fiction 07/07/2017 English Literature 1 808.066 GLI'R CEME-5179 01/23/2026 01/23/2026 06/28/2021 Book CART-4
© 2023 Central Library, National University of Sciences and Technology. All Rights Reserved.